Organización del tiempo y recursos pedagógicos (Record no. 9252)

MARC details
000 -LEADER
campo de control de longitud fija 00382nam a2200133Ia 4500
001 - NÚMERO DE CONTROL
campo de control 3861
008 - DATOS DE LONGITUD FIJA--INFORMACIÓN GENERAL
campo de control de longitud fija 241024s9999 xx 000 0 und d
082 ## - NÚMERO DE LA CLASIFICACIÓN DECIMAL DEWEY
Número de clasificación RD/370.44/R426o
100 ## - ENTRADA PRINCIPAL--NOMBRE DE PERSONA
Nombre de persona República Dominicana. Ministerio de Educación MINERD
245 #0 - MENCIÓN DEL TÍTULO
Título Organización del tiempo y recursos pedagógicos
260 ## - PUBLICACIÓN, DISTRIBUCIÓN, ETC.
Nombre del editor, distribuidor, etc. Santo Domingo
901 ## - ELEMENTOS DE DATOS A LOCAL LDA (RLIN)
a 17/11/2014 3:44:41 p.m.

No items available.

© 2024. Todos los Derechos Reservados. Desarrollado por IDEICE